| 000 | 00830nam a2200241 a 4500 | ||
|---|---|---|---|
| 001 | 463 | ||
| 003 | BR-CuiBMT | ||
| 005 | 20231108152751.0 | ||
| 008 | 231107s2012 Rsba 000 0 eng d | ||
| 020 | _a9788581750026 | ||
| 040 |
_aBR-CuiBMT _cBR-CuiBMT |
||
| 080 |
_22007 _a351.94:336.148 |
||
| 090 |
_a351.94:336.148 _bG633r |
||
| 100 | 1 | _aGomes, Emerson Cesar da Silva | |
| 245 | 1 | 0 |
_aResponsabilidade financeira : _buma teoria sobre a responsabilidade no âmbito dos tribunais de contas / _cEmerson Cesar da Silva Gomes. |
| 260 |
_aPorto Alegre : _bNúria Fabris, _c2012. |
||
| 300 |
_a344 p. : _bil. ; _c23 cm |
||
| 504 | _aInclui bibliografia. | ||
| 650 |
_aTribunal de contas _xFiscalização |
||
| 650 |
_aTribunal de contas _xResponsabilidade _xDireito comparado |
||
| 650 | _aExecução orçamentária | ||
| 942 |
_2udc _cLV |
||
| 999 |
_c463 _d463 |
||